An introduction to minimax theorems and their applications to differential equations
Αποθηκεύτηκε σε:
| Κύριος συγγραφέας: | |
|---|---|
| Άλλοι συγγραφείς: | |
| Μορφή: | Βιβλίο |
| Γλώσσα: | English |
| Δημοσίευση: |
Dordrecht :
Kluwer Academic Publishers,
c2001
|
| Σειρά: | Nonconvex optimization and its applications ;
; 52 |
| Θέματα: | |
| Ετικέτες: |
Προσθήκη ετικέτας
Δεν υπάρχουν, Καταχωρήστε ετικέτα πρώτοι!
|
MARC
| LEADER | 00000nam a2200000 i 4500 | ||
|---|---|---|---|
| 001 | 1/63817 | ||
| 008 | 041025s2001 eng d | ||
| 020 | |a 0-7923-6832-0 | ||
| 035 | |l 10074901 | ||
| 040 | |a GR-MY-UA |b gre |e aacr | ||
| 041 | 0 | |a eng | |
| 082 | 0 | |a 515.35 | |
| 100 | 1 | |a Grossinho, M. R. |q (Maria do Rosαrio) |d 1956- | |
| 245 | 1 | 3 | |a An introduction to minimax theorems and their applications to differential equations / |c by Maria do Rosαrio Grossinho, Stepan Agop Tersian |
| 260 | |a Dordrecht : |b Kluwer Academic Publishers, |c c2001 | ||
| 300 | |a xii, 269 σ.; |c 24 εκ. | ||
| 490 | 1 | |a Nonconvex optimization and its applications |v ; 52 | |
| 504 | |a Περιέχει βιβλιογραφικές αναφορές και ευρετήριο | ||
| 650 | 0 | 0 | |a Differential equations |x Numerical solutions. |
| 650 | 0 | 0 | |a Critical point theory (Mathematical analysis) |
| 700 | 1 | |a Tersian, Stepan A. | |
| 830 | 0 | |a Nonconvex optimization and its applications ; |v ; 52 | |
| 852 | |a INST |b SAMOS |e 20041025 |h 515.35 GRO |p 005300022916 |q 005300022916 |t BK |y 0 | ||
| 901 | |a BIBL3-2004-3 | ||
| 909 | |a Σ |b 113955 | ||
| 920 | |a ΔΙΕΥΡΥΝΣΗ |b ΕΠΕΑΕΚ-ΤΣΑΕ |y ΣΑΜΟΣ |z 2004-10 | ||
| 970 | |a ΠΟΥΡΝΑΡΑΣ |b ΔΗΜΗΤΡΗΣ |z 2004/10/25 | ||